000 00192nam a2200085Ia 4500
008 120527s9999 xx 000 0 und d
100 _aGINO, Carol
245 _aMano puzo the family
942 _cBK
999 _c25677
_d25677